| Поле | Название | Значение |
| |
Тип записи |
a |
| |
Библиографический уровень |
m |
| 001 |
Контрольный номер |
RU\infra-m\znanium\bibl\2179177 |
| 005 |
Дата корректировки |
20260429142339.2 |
| 008 |
Кодируемые данные |
251113s2025 RU g rus u |
| 020 |
Индекс ISBN |
__ |
| a |
ISBN |
978-5-16-020898-5 |
| 020 |
Индекс ISBN |
__ |
| a |
ISBN |
978-5-16-100165-3 (электр. издание) |
| 040 |
Источник каталогиз. |
__ |
| a |
Служба первич. каталог. |
Общество с ограниченной ответственностью «ЗНАНИУМ» |
| 041 |
Код языка издания |
__ |
| a |
Код языка текста |
rus |
| 044 |
Код страны публикации |
__ |
| a |
Код страны публикации |
RU |
| 080 |
Индекс УДК |
__ |
| a |
Индекс УДК |
316(075.4) |
| 084 |
Индекс другой классификации/Индекс ББК |
__ |
| 2 |
Источник индекса |
rubbk |
| a |
Индекс другой классификации/Индекс ББК |
60.5 |
| 084 |
Индекс другой классификации/Индекс ББК |
__ |
| 2 |
Источник индекса |
okso |
| a |
Индекс другой классификации/Индекс ББК |
39.03.01 |
| 084 |
Индекс другой классификации/Индекс ББК |
__ |
| 2 |
Источник индекса |
okso |
| a |
Индекс другой классификации/Индекс ББК |
39.04.01 |
| 084 |
Индекс другой классификации/Индекс ББК |
__ |
| 2 |
Источник индекса |
okso |
| a |
Индекс другой классификации/Индекс ББК |
44.03.01 |
| 084 |
Индекс другой классификации/Индекс ББК |
__ |
| 2 |
Источник индекса |
okso |
| a |
Индекс другой классификации/Индекс ББК |
44.03.05 |
| 100 |
Автор |
__ |
| a |
Автор |
Почебут Л.Г. |
| q |
Полное имя |
Почебут Людмила Георгиевна |
| u |
Дополнение |
Санкт-Петербургский государственный университет |
| 245 |
Заглавие |
__ |
| a |
Заглавие |
Социальный капитал личности |
| b |
Продолж. заглавия |
Монография |
| c |
Ответственность |
Санкт-Петербургский государственный университет |
| 250 |
Сведения об издании |
__ |
| a |
Основные сведения об издании |
1 |
| 260 |
Выходные данные |
__ |
| a |
Место издания |
Москва |
| b |
Издательство |
ООО "Научно-издательский центр ИНФРА-М" |
| c |
Дата издания |
2025 |
| 300 |
Физическое описание |
__ |
| a |
Объем |
250 с. |
| 440 |
Серия |
__ |
| a |
Серия |
Научная мысль |
| 520 |
Аннотация |
__ |
| a |
Аннотация |
В монографии представлена социально-психологическая концепция социального капитала личности. Социально-психологический подход к проблеме социального капитала позволяет по-новому взглянуть на проблемы межличностных отношений. Развитие социального капитала личности дает возможность формирования гражданского общества укрепления доверия солидарности единства людей в нашей стране. Объединение социального человеческого и креативного капиталов является важнейшей задачей развития нашего общества. Это залог экономического процветания и инновационного развития. Проанализированы определения социального капитала основные теории подходы к его исследованию. Сопоставляются различные виды капитала — социальный человеческий креативный. Особое внимание уделяется проблеме доверия как психологическому фундаменту социального капитала. Предлагается авторская концепция социального капитала личности включающая стратегии и тактики его накопления и использования. Для студентов аспирантов преподавателей и всех интересующихся проблемами социального капитала. |
| 521 |
Примеч. о цел. назн. |
__ |
| a |
Примеч. о целев. назн. |
Дополнительное профессиональное образование |
| 650 |
Тематические рубрики |
__ |
| a |
Основная рубрика |
Политика. Социология |
| x |
Основная подрубрика |
Социология |
| 655 |
Указ. предметных рубрик (устаревшее) |
__ |
| a |
Жанр/ форма (устаревшее) |
Монография |
| 700 |
Другие авторы |
__ |
| a |
Другие авторы |
Свенцицкий А. Л. |
| q |
Полное имя |
Свенцицкий Анатолий Леонидович |
| u |
Дополнение |
Санкт-Петербургский государственный университет |
| 700 |
Другие авторы |
__ |
| a |
Другие авторы |
Марарица Л.В. |
| q |
Полное имя |
Марарица Лариса Валерьевна |
| u |
Дополнение |
Санкт-Петербургский государственный университет |
| 700 |
Другие авторы |
__ |
| a |
Другие авторы |
Казанцева Т.В. |
| q |
Полное имя |
Казанцева Татьяна Валерьевна |
| u |
Дополнение |
Санкт-Петербургский государственный университет |
| 700 |
Другие авторы |
__ |
| a |
Другие авторы |
Кузнецова И. В. |
| q |
Полное имя |
Кузнецова Ирина Викторовна |
| u |
Дополнение |
Санкт-Петербургский государственный университет |
| 856 |
Электронный адрес документа |
4_ |
| a |
Имя сервера/домена |
znanium.ru |
| m |
Помощь |
ebs_support@infra-m.ru |
| n |
Местонахождение сервера |
НИЦ ИНФРА-М |
| u |
URL |
https://znanium.ru/catalog/document?id=462324 |
| 856 |
Электронный адрес документа |
48 |
| a |
Имя сервера/домена |
znanium.ru |
| d |
Путь |
/cover/2179 |
| f |
Электронное имя |
2179177.jpg |
| q |
Тип электронного формата |
image/jpeg |
| u |
URL |
https://znanium.ru/cover/2179/2179177.jpg |
| 911 |
|
__ |
| u |
|
0030=https://znanium.ru/catalog/document?id=462324 |